000 00657nam a22002297a 4500
003 UA-OsUOA
001 25455
007 ta
008 20040414b un ||||| |||| 00| 0 ukr d
100 _aДроздовська О.С.
090 _a330(477)
_bД75
942 _cSA
040 _aUA-OsUOA
_bukr
_cUA-OsUOA
_dUA-OsUOA
245 _aТеоретичні засади організації бюджетного устрою України
300 _aС.23-30
955 _a0
041 _aukr
080 _a330(477)
044 _aUA
773 0 _w0
_tФінанси України
_dК.
_d2004
_g№4
650 7 _aЕкономіка України
_2UDC
999 _c311751
_d311751